| Tag |
First Indicator |
Second Indicator |
Subfields |
| LEADER |
00000pam a2200000 i 4500 |
| 001 |
in00000023352 |
| 005 |
20151007064407.0 |
| 008 |
790910s1980 nyua b 00100 eng |
| 010 |
|
|
|a 79021421
|
| 020 |
|
|
|a 0126440808
|
| 035 |
|
|
|a (OCoLC)05447954
|
| 035 |
|
|
|9 AAD9732AM
|
| 040 |
|
|
|a DLC
|c DLC
|d TXA
|d UtOrBLW
|
| 049 |
|
|
|a TXAM
|c [1497611]
|
| 050 |
0 |
0 |
|a HQ783
|b .E23
|
| 082 |
0 |
|
|a 301.15/72
|
| 245 |
0 |
0 |
|a Early experiences and early behavior :
|b implications for social development /
|c edited by Edward C. Simmel.
|
| 264 |
|
1 |
|a New York :
|b Academic Press,
|c [1980]
|
| 264 |
|
4 |
|c ©1980
|
| 300 |
|
|
|a xiii, 217 pages :
|b illustrations ;
|c 24 cm.
|
| 336 |
|
|
|a text
|b txt
|2 rdacontent
|
| 337 |
|
|
|a unmediated
|b n
|2 rdamedia
|
| 338 |
|
|
|a volume
|b nc
|2 rdacarrier
|
| 504 |
|
|
|a Includes bibliographies and indexes.
|
| 650 |
|
0 |
|a Socialization.
|
| 650 |
|
0 |
|a Infant psychology.
|
| 650 |
|
0 |
|a Child development.
|
| 650 |
|
0 |
|a Animals
|x Infancy.
|
| 700 |
1 |
|
|a Simmel, Edward C.
|
| 999 |
|
|
|a MARS
|
| 999 |
f |
f |
|s 9afd9a72-d361-3346-8ff7-a04b2a532085
|i b873688f-127f-3aec-8ae3-60bd364dc8c3
|t 0
|
| 952 |
f |
f |
|p ric
|a Texas A&M University
|b Rellis Campus
|c Joint Library Facility
|d Remote Storage
|t 0
|e HQ783 .E23
|h Library of Congress classification
|i unmediated -- volume
|m A14802968748
|
| 998 |
f |
f |
|a HQ783 .E23
|t 0
|l Remote Storage
|